| 000 | 00571nam a2200181 a 4500 | ||
|---|---|---|---|
| 001 | 000039284 | ||
| 005 | 20240226141338.0 | ||
| 008 | 130621s2012 dr a 000 0 spa d | ||
| 020 | _a9789945455892 | ||
| 040 |
_aDO-SdBNP _bspa _cBNPHU |
||
| 100 | 1 |
_aRabelo Cartagena, José A., _d1963- _957213 |
|
| 245 | 1 | 0 |
_aEsquelares / _cJosé Rabelo. |
| 260 |
_aSanto Domingo : _bIsla Negra, _c2012. |
||
| 300 |
_a143 p. : _bil. ; _c22 cm. |
||
| 490 | 1 | _aEl rostro y la máscara | |
| 500 | _aIncluye datos biográficos del autor en la solapa | ||
| 830 | 0 |
_aEl rostro y la máscara _9251 |
|
| 999 |
_c38774 _d38774 |
||